[Event "EU-ch U14 Girls"]
[Site "Bratislava"]
[Date "2019.08.03"]
[Round "2"]
[White "Mikova, Miriam"]
[Black "Rubinshtein, Kamilla"]
[Result "1/2-1/2"]
[WhiteElo "1516"]
[BlackElo "1799"]
[PlyCount "68"]
[EventDate "2019.08.02"]
[EventType "swiss"]
[EventRounds "9"]
[EventCountry "SVK"]
[SourceTitle "EXT 2020"]
[Source "ChessBase"]
[SourceDate "2019.10.17"]
[SourceVersion "1"]
[SourceVersionDate "2019.10.17"]
[SourceQuality "1"]

1. d4 Nf6 2. Bf4 g6 3. e3 Bg7 4. Nf3 0-0 5. Be2 d6 6. h3 c5 7. c3 Nbd7 8. Nbd2 b6 9. Qc2 Bb7 10. 0-0 Qc7 11. Rfe1 Qc6 12. Bf1 Rfe8 13. a4 a6 14. e4 cxd4 15. Nxd4 Qc7 16. N4f3 e5 17. Bh2 d5 18. exd5 Nxd5 19. Rad1 Nf4 20. Ne4 Re7 21. Nd6 Nxh3+ 22. Kh1 Bc6 23. b3 Re6 24. Ne4 Bxe4 25. Rxe4 Nf4 26. Bxf4 exf4 27. Rxe6 fxe6 28. Qe4 Re8 29. Qd3 Nc5 30. Qc4 Qf7 31. Qb4 Qc7 32. Qc4 Qf7 33. Qb4 Qc7 34. Qc4 Qf7 1/2-1/2